| 000 | 00000nam##2200000za#4500 |
| 001 | 9.695257 |
| 003 | CaOODSP |
| 005 | 20210624234508 |
| 007 | cr ||||||||||| |
| 008 | 150407|2009||||xxc|||||o f|0| 0 eng|d |
| 040 | |aCaOODSP|beng |
| 043 | |an-cn--- |
| 086 | 1 |aYM20-11/2009E-PDF |
| 245 | 00|aYouth and democracy - a dialogue session : |h[electronic resource]|bhosted by the Library of Parliament, Ottawa, Canada, 25 September 2009 / |c[by] Amanda Clarke. |
| 260 | |aOttawa - Ontario : |bLibrary of Parliament |c2009. |
| 300 | |a24p. |
| 590 | |a12-30-Supp|b2012-06-28 |
| 710 | 1 |aCanada. |bLibrary of Parliament. |
| 720 | 1 |aClarke, Amanda |
| 775 | 08|tLes jeunes et la démocratie - séance de dialogue : |w(CaOODSP)9.639403 |
| 856 | 40|ahttp://publications.gc.ca|qPDF|s169 KB|uhttps://publications.gc.ca/collections/collection_2011/bdp-lop/YM20-11-2009-eng.pdf |